<?xml version="1.0" encoding="UTF-8"?>
<record
    xmlns:xsi="http://www.w3.org/2001/XMLSchema-instance"
    xsi:schemaLocation="http://www.loc.gov/MARC21/slim http://www.loc.gov/standards/marcxml/schema/MARC21slim.xsd"
    xmlns="http://www.loc.gov/MARC21/slim">

  <leader>00599nam a2200241 a 4500</leader>
  <controlfield tag="001">nice12345678</controlfield>
  <controlfield tag="003">IN_TiNIC</controlfield>
  <controlfield tag="005">20260116012814.0</controlfield>
  <controlfield tag="008">050524s1985    dela   grp    000 0 eng  </controlfield>
  <datafield tag="020" ind1=" " ind2=" ">
    <subfield code="a"></subfield>
    <subfield code="c">75</subfield>
  </datafield>
  <datafield tag="082" ind1="0" ind2="0">
    <subfield code="a">305.6945097</subfield>
    <subfield code="b">SAR</subfield>
  </datafield>
  <datafield tag="100" ind1=" " ind2=" ">
    <subfield code="a">Sarkar, J N</subfield>
  </datafield>
  <datafield tag="245" ind1=" " ind2=" ">
    <subfield code="a">Hindu-Muslim Relations in Medieval Bengal</subfield>
  </datafield>
  <datafield tag="260" ind1=" " ind2=" ">
    <subfield code="a">Delhi</subfield>
    <subfield code="b">Idarah-I Adabiyat-I Delli</subfield>
    <subfield code="c">1985</subfield>
  </datafield>
  <datafield tag="300" ind1=" " ind2=" ">
    <subfield code="a">109p</subfield>
  </datafield>
  <datafield tag="500" ind1=" " ind2=" ">
    <subfield code="a">includes index and biblioraphy</subfield>
  </datafield>
  <datafield tag="505" ind1="2" ind2=" ">
    <subfield code="a">Index</subfield>
  </datafield>
  <datafield tag="650" ind1=" " ind2=" ">
    <subfield code="a">Islam-Relations Hinduism</subfield>
  </datafield>
  <datafield tag="700" ind1="1" ind2=" ">
    <subfield code="a">Sarkar, J N</subfield>
  </datafield>
  <datafield tag="902" ind1=" " ind2=" ">
    <subfield code="b">SRS</subfield>
  </datafield>
  <datafield tag="942" ind1=" " ind2=" ">
    <subfield code="c">BK</subfield>
  </datafield>
  <datafield tag="952" ind1=" " ind2=" ">
    <subfield code="0">0</subfield>
    <subfield code="1">0</subfield>
    <subfield code="4">0</subfield>
    <subfield code="7">0</subfield>
    <subfield code="a">HMI</subfield>
    <subfield code="b">HMI</subfield>
    <subfield code="d">2007-03-29</subfield>
    <subfield code="g">75.00</subfield>
    <subfield code="l">1</subfield>
    <subfield code="o">305.6945097  SAR</subfield>
    <subfield code="p">012408</subfield>
    <subfield code="r">2020-06-19</subfield>
    <subfield code="s">2019-10-04</subfield>
    <subfield code="w">2026-01-16</subfield>
    <subfield code="y">EB</subfield>
  </datafield>
  <datafield tag="999" ind1=" " ind2=" ">
    <subfield code="c">8448</subfield>
    <subfield code="d">8448</subfield>
  </datafield>
</record>
